Statistics for Popular Movies of the 80s

Click here to take the quiz!

General Stats

  • This quiz has been taken 110 times
  • The average score is 17 of 35

Answer Stats

CharacterMovie% Correct
Mr. MiyagiKarate Kid
92%
MaverickTop Gun
91%
Marty McFlyBack to the Future
90%
Ferris BuellerFerris Bueller's Day Off
90%
Freddy KrugerA Nightmare On Elmstreet
83%
ArielThe Little Mermaid
82%
Roger RabbitWho Framed Roger Rabbit?
81%
Indiana JonesIndiana Jones: Raiders of the Lost Ark
72%
Dr. Peter VenkmanGhostbusters
65%
Sarah ConnorThe Terminator
65%
John McClaneDie Hard
62%
Pamela VorheesFriday the 13th
62%
Ivan DragoRocky IV
59%
John BenderThe Breakfast Club
57%
Prince AkeemComing To America
56%
ElliotE.T. the Extra-Terrestrial
56%
Ponyboy CurtisThe Outsiders
56%
Tony MontanaScarface
53%
Baby HousemanDirty Dancing
50%
Jack TorranceThe Shining
50%
MikeyThe Goonies
39%
ButtercupThe Princess Bride
39%
Samantha BakerSixteen Candles
35%
Lydia DeetzBeetlejuice
34%
AtreyuThe NeverEnding Story
30%
Ren McCormackFootloose
28%
Veronica SawyerHeathers
26%
Carol Anne FreelingPoltergeist
25%
Josh BaskinBig
23%
Billy PeltzerGremlins
23%
Andie WalshPretty In Pink
22%
MadisonSplash
18%
Alex OwensFlashdance
12%
David LightmanWargames
11%
Violet Newstead9 to 5
6%

Score Distribution

Percentile by Number Answered

Percent of People with Each Score

Your Score History

You have not taken this quiz